| 000 | 00833cam a22002894a 4500 | ||
|---|---|---|---|
| 008 | 020226s2002 mau 001 0 eng | ||
| 020 | _a0316150487 | ||
| 040 |
_aDLC _cDLC _dDLC |
||
| 050 | 0 | 0 |
_aHF5478 _b.C64 2002 |
| 082 | 0 | 0 |
_a381/.17/02854678 _221 |
| 092 | 0 | 4 |
_a381.1702854678 _bC6781 |
| 099 |
_a04 _a381.1702854678 C6781 |
||
| 100 | 1 |
_aCohen, Adam _q(Adam Seth) |
|
| 245 | 1 | 4 |
_aThe perfect store : _binside eBay / _cAdam Cohen. |
| 250 | _a1st ed. | ||
| 260 |
_aBoston : _bLittle, Brown and Co., _cc2002. |
||
| 300 |
_a332 p. ; _c24 cm. |
||
| 500 | _aAmerican Window | ||
| 500 | _aIncludes index. | ||
| 610 | 2 | 0 | _aeBay (Firm) |
| 650 | 0 | _aInternet auctions. | |
| 901 | _a1 | ||
| 905 |
_aEman _eRev. |
||
| 905 |
_aJamal _ecat. |
||
| 942 |
_2ddc _cBK |
||
| 999 |
_c114177 _d114177 |
||